Educación y lucha de clases en Nicaragua /
Na minha lista:
| Autor principal: | |
|---|---|
| Formato: | Desconhecido |
| Idioma: | Spanish |
| Publicado em: |
Nicaragua:
Universidad Centroamericana
|
| Tags: |
Adicionar Tag
Sem tags, seja o primeiro a adicionar uma tag!
|
MARC
| LEADER | 00000 a2200000 04500 | ||
|---|---|---|---|
| 001 | 47343 | ||
| 003 | |||
| 008 | 050602s1980 nq spa d | ||
| 040 | |a CRAI/IIS |c CRAI/IIS | ||
| 090 | |a 0003 C352e | ||
| 100 | |a Castilla, Miguel de | ||
| 245 | |a Educación y lucha de clases en Nicaragua / |c Miguel de Castilla | ||
| 260 | |a Nicaragua: |b Universidad Centroamericana | ||
| 300 | |a 145 páginas | ||
| 999 | |c 4437 |d 4437 | ||
